| 000 | 01579cam a2200313 i 4500 | ||
|---|---|---|---|
| 001 | 17967566 | ||
| 003 | OSt | ||
| 005 | 20260513113527.0 | ||
| 008 | 240621t20252025nyu b 001 0 eng | ||
| 020 | _a9781032516554 (hbk) | ||
| 040 |
_aDLC _beng _cDLC _erda _dDLC _dMILA_ain _dMILA_ain |
||
| 042 | _apcc | ||
| 043 | _ae-uk--- | ||
| 050 | 0 | 0 |
_aZ278 _b.C557 2025 |
| 100 | 1 |
_aClark, Giles N. _q(Giles Noel) _eauthor. _92743 |
|
| 245 | 1 | 0 |
_aInside book publishing / _cGiles Clark and Angus Phillips. |
| 250 | _a7th ed. | ||
| 260 |
_aNew York, _bRoutledge; _c2025. |
||
| 300 |
_axix, 355 pages : _billustrations, maps ; _c26 cm |
||
| 504 | _aIncludes bibliographical references (pages 334-338) and index. | ||
| 505 | 0 | _aThe development of modern trade publishing -- Publishing for educational, academic and professional markets -- The characteristics of the main publishing sectors -- Creating and protecting value in publishing -- The author -- Commissioning -- The author contract and editorial development -- Design and production -- Marketing -- Sales and distribution -- Rights sales -- The sales channels for books in the UK -- Getting into publishing. | |
| 650 | 0 |
_aPublishers and publishing. _92744 |
|
| 650 | 0 |
_aPublishers and publishing _xVocational guidance. _92745 |
|
| 650 | 0 |
_aPublishers and publishing _zGreat Britain. _92746 |
|
| 700 | 1 |
_aPhillips, Angus, _d1961- _eauthor. _92747 |
|
| 906 |
_a7 _bcbc _corignew _d1 _eecip _f20 _gy-gencatlg |
||
| 942 |
_2lcc _cBK |
||
| 999 |
_c2663 _d2663 |
||